000 00638nam a2200229Ia 4500
003 OSt
005 20220918210109.0
006 a|||||r|||| 00| 0
007 ta
008 220917b |||||||| |||| 00| 0 eng d
024 _a119,143
037 _cTextual
040 _aARTS
_cARTS
_beng
041 _2eng
_aeng
082 _aV73:19.N6, K9-;1 (TTW)
100 _aHammond Paul Y
_9117084
245 0 _aCold watr years
_b American foreign policy since 1945 ed by John Morton Blum
260 _c1969
650 _aHISTORY
942 _hV73:19.N6, K9-;1 (TTW)
_cTEXL
_2CC
999 _c242410
_d242410